Water quality in ponds for aquaculture (Record no. 8896)
[ view plain ]
| 000 -LEADER | |
|---|---|
| fixed length control field | 00244nam a22001217a 4500 |
| 040 ## - CATALOGING SOURCE | |
| Transcribing agency | SK |
| 082 ## - DEWEY DECIMAL CLASSIFICATION NUMBER | |
| Classification number | 639 |
| 100 ## - MAIN ENTRY--AUTHOR NAME | |
| Personal name | CLAUDE E. |
| 245 ## - TITLE STATEMENT | |
| Title | Water quality in ponds for aquaculture |
| 260 ## - PUBLICATION, DISTRIBUTION, ETC. (IMPRINT) | |
| Place of publication | NA |
| Name of publisher | CLA |
| Year of publication | 1990 |
| 300 ## - PHYSICAL DESCRIPTION | |
| Number of Pages | 482p. |
| 942 ## - ADDED ENTRY ELEMENTS (KOHA) | |
| Koha item type | សៀវភៅភាសាអង់គ្លេស |
| 952 ## - LOCATION AND ITEM INFORMATION (KOHA) | |
| Withdrawn status [LOCAL, KOHA] | 0 |
| 952 ## - LOCATION AND ITEM INFORMATION (KOHA) | |
| Withdrawn status [LOCAL, KOHA] | 0 |
| 952 ## - LOCATION AND ITEM INFORMATION (KOHA) | |
| Withdrawn status [LOCAL, KOHA] | 0 |
| Permanent Location | Date acquired | Koha item type | Lost status | Shelving location | Barcode | Current Location | Full call number |
|---|---|---|---|---|---|---|---|
| Library Block C | 2016-08-19 | សៀវភៅភាសាអង់គ្លេស | C237 | RUA061983 | Library Block C | 639 CLA 1990 C237 | |
| Library Block C | 2016-08-19 | សៀវភៅភាសាអង់គ្លេស | C240 | RUA061326 | Library Block C | 639 CLA 1990 C240 | |
| Library Block C | 2016-08-19 | សៀវភៅភាសាអង់គ្លេស | C240 | RUA061979 | Library Block C | 639 CLA 1990 C240 |